000 02400cad a22002535a 4500
008 240923t2024 xxk fo 000 0 eng d
020 _a9781783215355
041 _aeng
050 _a711.14
110 _aRoyal Institution of Chartered Surveyors
_94900
245 _aSurveyors advising in respect of compulsory purchase and statutory compensation
_h[electronic resource]
250 _a2nd
260 _aLondon,
_bRICS,
_cSeptember 2024
300 _a29p.
490 _aRICS Professional Standard
520 _aThe development of large infrastructure projects, such as the HS2 rail line, has placed compulsory purchase orders (CPOs) at the forefront of national discussions. The exercise of CPO powers can significantly impact the homes, livelihoods, and businesses of those affected, making it essential for surveyors to adhere to strict professional standards. RICS has updated its professional standard, Surveyors advising in respect of compulsory purchase and statutory compensation to ensure it remains relevant and fit for purpose in this complex and evolving sector. The standard sets out 21 mandatory professional behaviour and competence expectations of RICS members working in this field, ensuring best practices are upheld consistently by RICS professionals across the UK, with principles that resonate globally. This professional standard applies: when you provide advice regarding property interests and rights in the UK that relates to the seeking or use of compulsory purchase for the acquisition or use of land or rights by or against your client, or where the seeking or use of such powers is contemplated when you are advising a body that is relying on or seeking to rely on another body to seek or use compulsory purchase powers to acquire or use land or rights to assist with a project, and where compensation for injurious affection arises where no land is taken. Effective from 23 December 2024
520 _aFrom 23 December 2024 supersedes 1st edition ISBN 9781783211845
650 _aSTATUTORY COMPENSATION
651 4 _aUnited Kingdom
690 _aCompulsory purchase
_96228
700 _aAstbury, Paul
856 4 0 _uhttps://www.rics.org/profession-standards/rics-standards-and-guidance/sector-standards/land-standards/surveyors-advising-in-respect-of-compulsory-purchase-and-statutory-compensation-uk
_zAvailable on RICS.org
942 _n0
_2ddc
999 _c122002
_d122002